| 000 | 00835 a2200169 4500 | ||
|---|---|---|---|
| 003 | Nust | ||
| 005 | 20230504104339.0 | ||
| 040 | _cNust | ||
| 082 | _a962,WHE | ||
| 100 |
_aWheelock,Keith _9112092 |
||
| 245 |
_aNasser`s New Egypt: _bA critical Analysis / _cKeith Wheelock |
||
| 260 |
_aLondon _bAtlantic Books |
||
| 300 | _a326:p | ||
| 505 | _aPrelude to Takeover (Page-1), Coup and Consolidation (Page-12), The Entrenchment of the Military Regime (Page-37), Agriculture and Agrarian Reform (Page-74), Education and Social Development (Page-109), Economics and Industriazation (Page-137), The High Dam (Page-173), Prelude to Nasserism (Page-206), The West At Bay (Page-228), The Tactics of Positive Neutrality (Page-249), Nasser’s New Egypt in Perspective (Page-277). | ||
| 650 |
_aNew Egypt _9112093 |
||
| 942 |
_2ddc _cBK _k962,WHE |
||
| 999 |
_c187600 _d187600 |
||